| 000 | 01050naa a2200289 c 4500 | ||
|---|---|---|---|
| 001 | 27110 | ||
| 003 | ES-MaCES | ||
| 005 | 20140521113947.0 | ||
| 008 | 950417n1995 sp ||| | spa d | ||
| 035 | _aCES19980010450v | ||
| 040 |
_aES-MaCES _bspa _cES-MaCES |
||
| 100 | 1 |
_918447 _aMercader Uguina, Jesús R. |
|
| 245 | 1 | 0 |
_aDuración de la prestación por desempleo en la nueva Ley general de Seguridad Social _b: antiguas inercias y modernas respuestas _cJesús R. Mercader Uguina y Lourdes López Cumbre |
| 504 | _aBibliografía | ||
| 650 | 4 |
_acomentario _928971 |
|
| 650 | 4 |
_a1994 _930780 |
|
| 650 | 4 |
_alegislación de seguridad social _929855 |
|
| 650 | 4 |
_aEspaña _926964 |
|
| 650 | 4 |
_acotizaciones _930106 |
|
| 650 | 4 |
_aprestaciones por desempleo _927043 |
|
| 653 | 1 | 0 | _aSeguridad Social |
| 700 | 1 |
_aLópez Cumbre, Lourdes _916866 |
|
| 773 | 0 |
_tTribuna social _gValencia. - N. 50 (feb. 1995) ; p. 20-38 _w(ES-MaCES)25455 |
|
| 902 | _aART Artículo de revista | ||
| 942 |
_2CES _cAR _h3.0. |
||
| 999 |
_c27110 _d27110 |
||